000 00733nam a2200289Ia 4500
005 20260324145207.0
008 008 260324s9999 xx 000 0 eng d
020 _a9781003423249
037 _aEBOOK
040 _aCRL
040 _beng
040 _cCRL
041 _2eng
041 _aeng
084 _qCRL
100 _aGary F. Waller; Michael D. Moore
_91222092
245 0 _aSir Philip Sidney and the Interpretation of Renaissance Culture
245 4 _bThe Poet in his Time and in Ours
260 _bTaylor and Francis
260 _c1984
365 _a
365 _b150
856 _uhttp://www.taylorfrancis.com/books/9781003423249
942 _cEBOOK
999 _c1829667
_d1829667